[Event "Nuremberg Zabo op 15th"]
[Site "Nuremberg"]
[Date "2013.09.20"]
[Round "1"]
[White "Steinke, Christopher"]
[Black "Schloetterer, Hermann"]
[Result "1/2-1/2"]
[WhiteElo "1247"]
[BlackElo "1793"]
[PlyCount "63"]
[EventDate "2013.09.20"]
[EventType "swiss"]
[EventRounds "5"]
[EventCountry "GER"]
[SourceTitle "EXT 2016"]
[Source "ChessBase"]
[SourceDate "2015.10.08"]
[SourceVersion "1"]
[SourceVersionDate "2015.10.08"]
[SourceQuality "1"]

1. b3 Nf6 2. Bb2 g6 3. e3 Bg7 4. Nf3 d6 5. d4 0-0 6. Be2 c5 7. c4 Nbd7 8. 0-0 a6 9. Nbd2 Rb8 10. Bd3 b5 11. Rb1 Re8 12. Re1 e5 13. Ne4 Nxe4 14. Bxe4 Nf6 15. Nd2 Nxe4 16. Nxe4 Bf5 17. Qf3 bxc4 18. bxc4 Qa5 19. Bc3 Qxa2 20. Rxb8 Rxb8 21. Nxd6 Qc2 22. Nxf5 gxf5 23. Ba5 cxd4 24. exd4 exd4 25. Qf4 Rb1 26. g3 Rxe1+ 27. Bxe1 Qb1 28. Kf1 a5 29. Qc7 Qd3+ 30. Kg1 a4 31. Qd8+ Bf8 32. Qg5+ 1/2-1/2